000 01048cab a2200337 4500
001 WB3012-18
008 090401t1994 xxu||||| |||| 00| 0 eng d
035 _a(Sirsi) u10704
041 _aeng
245 _aBlueprint for a better London
260 _c1994
350 _a0
490 _aEvening Standard
_v21 March 1994, 16-17(2)
520 _aA paper setting out options for London`s future has been published by the London Planning Advisory Committee after extensive consultation with councils and other interested bodies.
650 _aEAST THAMES CORRIDOR
650 _aGREEN SPACES
650 _aHOUSING POLICY
650 _aLEISURE
650 _aLONDON PLANNING ADVISORY COMMITTEE
650 _aLONDON
650 _aOPEN SPACES
650 _aRECREATION
650 _aPROPERTY-INFRASTRUCTURE-TRANSPORT INFRASTRUCTURE-ROAD INFRASTRUCTURE
650 _aSPORT
650 _aTHAMES
650 _aTRAFFIC CONGESTION
650 _aTRANSPORT POLICY
690 _aECONOMIC AND SOCIAL
942 _n0
948 _c04/03/1997
999 _c6794
_d6794